Tilastot visalle Suomen yliopistot

Klikkaa tästä pelataksesi tätä visaa!

Yleistilastot

  • Tätä visaa on pelattu 1 376 kertaa
    (1 006 viimeisimmän päivityksen jälkeen)
  • Keskiarvotulos 10 / 14

Vastaustilastot

PerustamisvuosiYliopisto% Oikein
1640Helsingin yliopisto
98%
1920Turun yliopisto
98%
2010Itä-Suomen yliopisto
96%
1958Oulun yliopisto
95%
2019Tampereen yliopisto
94%
1979Lapin yliopisto
92%
1934Jyväskylän yliopisto
89%
1968Vaasan yliopisto
84%
1969LUT-yliopisto
82%
2010Aalto-yliopisto
71%
1918Åbo Akademi
40%
1909Svenska handelshögskolan
32%
2013Taideyliopisto
25%
1993Maanpuolustuskorkeakoulu
16%

Tulosjakauma

Persentiili vastausten määrän mukaan

Jokaisen tuloksen saaneiden osuus

Tuloshistoriasi

Et ole pelannut tätä visaa sen viimeisimmän päivityksen jälkeen